8 mots dans mots : Min (mort subite) - Statistiques

Statistiques générales
  • Ce quiz a été pris 39 fois
  • Le résultat moyen est 7 sur 8
Answers on the Grid
Answers color-coded by a green-red scale on the quiz's grid according to % correct below.
Micro---iaturisation
Compa---menter
Co---nsurabilité
Autodéter---ation
Agro-al---ntaire
Coad---istratrice
Comp---enteuse
Dé---éralisations
Antiparlem---arisme
Inter---istérielle
Compor---entaliste
Antihista---ique
Désapprovisionne---t
Igno---ieusement
Dés---ourgeoisement
Cristallolu---escence
 
Statistiques - réponses
Réponse % Correct
Autodéter---ation
97%
Micro---iaturisation
91%
Dé---éralisations
85%
Inter---istérielle
85%
Cristallolu---escence
82%
Igno---ieusement
79%
Coad---istratrice
76%
Antihista---ique
73%
Aucun quiz correspondant
Distribution des résultats
% des personnes avec chaque résultat
Percentile par nombre de réponses
Votre historique - résultats
Vous n’avez pas pris ce quiz